|
|
|
|
| LEADER |
00000nab a2200000 a 4500 |
| 001 |
vtls000801447 |
| 003 |
SK-MaSNL |
| 005 |
20260426095352.0 |
| 008 |
141112c2001 xo 0 slo |
| 015 |
|
|
|a SNBRB2002/08-24627
|
| 035 |
|
|
|a CLN000153102
|
| 040 |
|
|
|a SNKBUCL
|b slo
|c SNKBUCL
|e AACR2
|
| 041 |
0 |
|
|a slo
|
| 044 |
|
|
|a xo
|c SK
|
| 080 |
|
|
|a 61:614.252.3(437.6)
|2 1997
|
| 100 |
1 |
|
|a Weidlich, Marian
|4 aut
|9 780825
|
| 245 |
1 |
0 |
|a SNAS po roku 2000
|b Slovenská národná akreditačná služba
|c Marián Weidlich
|
| 610 |
|
7 |
|a Slovenská národná akreditačná služba
|2 snkbucl
|9 1383624
|
| 650 |
0 |
7 |
|a akreditované laboratóriá
|2 snkbucl
|9 93827
|
| 650 |
0 |
7 |
|a služby zdravotnícke
|x akreditácia
|2 snkbucl
|9 1555389
|
| 650 |
0 |
7 |
|a akreditácia
|x metódy
|x organizácia a riadenie
|2 snkbucl
|9 1555390
|
| 650 |
0 |
7 |
|a certifikát
|2 snkbucl
|9 875268
|
| 650 |
0 |
7 |
|a laboratóriá
|2 snkbucl
|9 21011
|
| 650 |
0 |
7 |
|a veda
|2 snkbucl
|9 1599
|
| 650 |
0 |
7 |
|a výskum
|2 snkbucl
|9 4238
|
| 650 |
0 |
7 |
|a služby zdravotnícke
|2 snkbucl
|9 888272
|
| 651 |
|
7 |
|a Slovensko
|2 snkbucl
|9 14231
|
| 655 |
|
7 |
|a články z novín a časopisov
|2 snkbucl
|9 267496
|
| 773 |
0 |
|
|t Diagnóza
|g Č. 2 (2001), s. 60-61
|x 1335-0943
|
| 850 |
|
|
|a Slovenská národná knižnica v Martine
|
| 852 |
|
|
|a SNK
|b KIS3GCP
|
| 958 |
|
|
|a MI
|
| 958 |
|
|
|a SK
|
| 999 |
|
|
|c 3163207
|d 3165137
|